| 000 | 00599nam a2200217Ii 4500 | ||
|---|---|---|---|
| 003 | JO-AjNU | ||
| 008 | 230606s9999||||xx |||||||||||||| ||und|| | ||
| 020 | _a1-292-15210-9/978-1-292-15210-3 | ||
| 040 |
_aJO-AjNU _beng _erda _cJO-AjNU |
||
| 041 | _aeng | ||
| 050 | 1 | 4 | _aHF5549.D4379 2017 |
| 100 | 3 |
_aDessler, Gary, _eauthor _95919 |
|
| 245 | 0 | 0 | _aHuman Resource Management |
| 250 | _a15 ed | ||
| 264 | 3 | 1 | _aNewYork: Pearson, 2016 |
| 300 | _a711p | ||
| 336 |
_atext _btxt _2rdacontent |
||
| 337 |
_aunmediated _bn _2rdamedia |
||
| 338 |
_avolume _bnc _2rdacarrier |
||
| 650 | 4 |
_aManagement _95920 |
|
| 999 |
_aE3071 _c3068 _d3068 |
||